000 00563cam a22001811 4500
001 c 98000337
003 DLC
005 20260227111040.0
008 801209s1898 inu 000 0 eng
010 _ac 98000337
040 _aDLC
_cDLC
_dDLC
050 0 0 _aM2193
_b.O58
100 1 _aHildebrand, E. T.
245 1 0 _aOnward and upward;
_ba collection of gospel songs ...
_cContributing editors, J. C. Gilbert, L. A. Brown, J. D. Brunk.
260 _aLogansport, Ind.,
_bThe Home music co.,
_c1898.
300 _a112 p.
_c8⁰. cop.
700 1 _aVaughan, James D.
999 _c13263
_d13263